Statistics for Top 10 States With Lowest Elevation

Click here to take the quiz!

General Stats

  • This quiz has been taken 60 times
  • The average score is 8 of 10

Answer Stats

Height (ft)Height (m)State% Correct
345105Florida
98%
535163Louisiana
96%
811247Rhode Island
88%
807246Mississippi
86%
447136Delaware
84%
1,549472Ohio
72%
1,235376Illinois
70%
1,257383Indiana
68%
1,671509Iowa
66%
1,772540Missouri
62%

Score Distribution

Percentile by Number Answered

Percent of People with Each Score

Your Score History

You have not taken this quiz